000 00670nam a2200241 i 4500
001 C2-0220586
003 PPAK
005 20180728150608.0
008 990929s1982 enka|||| ||||| | eng d
020 _a090589572X
040 _aPPAK
_beng
_cPPAK
_erda
082 0 4 _a741.66
_223
090 0 0 _a741.66
_bSEC
_dR
245 0 4 _aThe Second Volume : Album Cover Album
264 1 _aGreat Britain :
_bDragon's World Ltd.. ,
_c1982
300 _a158 pages :
_billustrations ;
_c30 cm
336 _2rdacontent
_atext
337 _2rdamedia
_aunmediated
338 _2rdacarrier
_avolume
500 _aincludes index
700 1 _aDean, Roger,
_ecompile
942 _ddc
_cB
999 _c142571
_d142571